000 01092njm a2200253 i 4500
001 4629
003 ES-MaACL
007 s|r|||||||||||
008 070802s1965 sp ||| g ||||||||1|nspa d
100 1 _aVillar Palasí, José Luis.
_9115097
245 1 0 _aHaciendas locales
_h[Grabación sonora]
_b: conferencia inaugural /
_cinterviene José Luis Villar Palasí.
260 _aMadrid :
_bAteneo de Madrid,
_c1965.
300 _a1 disco (CD-DA) (39 min. 20 seg.) ;
_c12 cm.
490 1 _aI Curso del seminario de estudios municipalistas
500 _aDatos basados en la invitación.
518 _aActo organizado por el Aula de Literatura del Ateneo de Madrid, grabado en el salón de actos el lunes 24 de mayo de 1965.
610 2 4 _aAteneo de Madrid-
_xActos culturales-
_y1965-
_vGrabaciones sonoras.
_91879
650 1 7 _aHacienda local
_2embne
_913277
710 2 _aAteneo de Madrid.
_bAula de Literatura.
_91943
830 0 _aI Curso del seminario de estudios municipalistas
_9227673
852 _aES-MaACL
_jROT 3/1/31
_94746
_cROT
942 _2udc
999 _c4629
_d4629